期刊信息 |
| 索取号 |
J0/WYYJ
|
| 题名 |
鏂囪壓鐮旂┒
|
| 作者 |
涓浗鑹烘湳鐮旂┒闄?
|
| 分册号 |
|
| 分册名 |
|
| 出版地 |
鍖椾含
|
| 出版者 |
鏂囪壓鐮旂┒鏉傚織绀?d2003
|
| 标准刊号 |
0257-5876
|
| 出版频率 |
|
| 中图法分类 |
J0
|
| 主题词 |
|
| 电子资源 | |
| |
|
| 000 | 00326nam0 2200121 450 | |
| 005 | 20240930000000.0 | |
| 011 | @a0257-5876@d25.6 | |
| 100 | @a20240930d em y0chiy0110 ea | |
| 200 | 1 | @a鏂囪壓鐮旂┒@f涓浗鑹烘湳鐮旂┒闄? |
| 210 | @a鍖椾含@c鏂囪壓鐮旂┒鏉傚織绀?d2003 | |
| 690 | @aJ0 | |
| 801 | 0 | @aCN@bCBIP.CN@c20240930 |
| 905 | @dJ0@eWYYJ | |
| 鏂囪壓鐮旂┒/涓浗鑹烘湳鐮旂┒闄? .-鍖椾含:鏂囪壓鐮旂┒鏉傚織绀?d2003 |
| ISSN 0257-5876:25.6 |
| ● |
| 相关链接: |
|
|
|
|